000 00616nam a2200229Ia 4500
003 OSt
005 20221007075654.0
006 a|||||r|||| 00| 0
007 ta
008 221006b |||||||| |||| 00| 0 eng d
024 _a43,347
037 _cTextual
040 _aFLL
_cFLL
_beng
041 _2eng
_aeng
082 _aMY2132wN99, Q2
100 _aSudhir T S
_9694110
245 0 _aSaina Nehwal
_b an inspirational biography
260 _aNew Delhi
_bNimby Books India
_c2012
300 _a231
_ccm.
942 _hMY2132wN99, Q2
_cTEXL
_2CC
999 _c1156964
_d1156964